000 00466nab a2200145Ia 4500
003 ES-SlBCS
005 20210601133739.0
008 140529s2006 xxu||||| |||| 00| 0 por d
041 _apor
100 1 _aBarbosa Moreira, Antonio Flavio
_9209164
245 0 0 _aIdentidades, saberes e práticas
_c Antonio Flavio Barbosa Moreira
650 0 4 _aIdentidad-Escuela
_9209165
773 0 _tEducaçao e Filosofia
_gvol. 20, nº. 40, 2006, págs. 137-157
_wRev1534
942 _cAR
999 _c601481
_d601481